Normal view
MARC view
- الفكر الاسلامي-الفكر-العقل-المذهب العقلي-مدارس علم النفس
Entry Topical Term
001 - CONTROL NUMBER
- control field: 10851
003 - CONTROL NUMBER IDENTIFIER
- control field: JO-AjAnu
005 - DATE AND TIME OF LATEST TRANSACTION
- control field: 20230606072036.0
008 - FIXED-LENGTH DATA ELEMENTS
- fixed length control field: 230606|| aca||aabn | a|a d
040 ## - CATALOGING SOURCE
- Original cataloging agency: JO-AjAnu
- Transcribing agency: JO-AjAnu
150 ## - HEADING--TOPICAL TERM
- Topical term or geographic name entry element: الفكر الاسلامي-الفكر-العقل-المذهب العقلي-مدارس علم النفس
670 ## - SOURCE DATA FOUND
- Source citation: Work cat.: (JO-AjAnu)5587: الهميم،عبد اللطيف , author 10850, دور العقل في الخطاب الديني :قراءة في نقد الذات